000 00708nam a2200229 a 4500
001 BRL_1526
005 20190320211240.0
008 170214s1996----mx-aob####---#000-0#spa-#
020 _a0968299696
050 4 _aNK844
_b.A78 1996
245 1 0 _aArtesanos, artesanías y arte popular de México
_buna historia ilustrada
_cVictoria Novelo, compiladora.
260 _aMéxico
_bCONACULTA
_c1996
300 _a303 p.
_bil. (algunas a color)
_c31 cm.
500 _aAu879
504 _aBibliografía : p. 293-303
650 1 4 _aArte popular
_zMéxico
_9882
650 1 4 _aArtesanías
_zMéxico
_93976
650 1 4 _aArtesanos en el arte
_94670
700 1 _aNovelo, Victoria
_9424
902 _aGRL
942 _2lcc
_cB
999 _c10335
_d10335